European Countries Containing A - Statistics

General Stats
  • This quiz has been taken 139 times
  • The average score is 34 of 36
Answer Stats
Answer % Correct
France
99%
Bulgaria
98%
Finland
98%
Slovakia
98%
Iceland
97%
Ireland
97%
Latvia
97%
Poland
97%
Spain
97%
Andorra
96%
Denmark
96%
Hungary
96%
Netherlands
96%
Russia
96%
Slovenia
96%
Albania
95%
Austria
95%
Bosnia and Herzegovina
95%
Croatia
95%
Estonia
95%
Italy
95%
Lithuania
95%
Malta
95%
Romania
95%
Ukraine
95%
Vatican City
95%
Macedonia
94%
Norway
94%
Portugal
94%
Serbia
94%
Belarus
93%
Germany
93%
Moldova
92%
San Marino
92%
Switzerland
92%
Monaco
89%
No matching quizzes found
Score Distribution
Percent of People with Each Score
Percentile by Number Answered
Your Score History
You have not taken this quiz